000 00640cam a2200205 4500
001 B780
008 970304 1987
035 _a(Sirsi) u37845
041 0 _aeng
050 0 4 _a622.1 $2 18
110 2 _aMetra Consulting Group
_9555
245 0 0 _aMarket survey for minerals surveying services :a report to the Royal Institution of Chartered Surveyors, Minerals Division
260 _aLondon
_bMetra
_c1987
300 _a60, 24p.
_c21cm.
350 _a4
651 4 _aUnited Kingdom
_y
690 _aABOUT RICS-RICS MEMBERS-CHARTERED SURVEYORS-CHARTERED MINERALS SURVEYORS
942 _n0
948 _c04/03/1997
999 _c90562
_d90562